Observación y práctica docente III

Gorde:
Xehetasun bibliografikoak
Egile korporatiboa: Secretaría de Educación Pública (Egilea), SEP (Egilea)
Formatua: Liburua
Hizkuntza:gaztelania
Argitaratua: Ciudad de México SEP 2000
Edizioa:2a. ed
Saila:Programa y Materiales de Apoyo para el Estudio 5§ Semestre
Gaiak:
Etiketak: Etiketa erantsi
Etiketarik gabe, Izan zaitez lehena erregistro honi etiketa jartzen!

MARC

LEADER 00000nam a2200000 a 4500
001 UCN9428
003 CL-VaPUC
008 011207e20000000MX |||||||||||||||||spa|d
082 0 4 |a 372.1  |b SEC  |2 21 
110 2 |a Secretaría de Educación Pública  |e author  |9 466047 
710 2 |a SEP  |e author  |9 466048 
245 1 0 |a Observación y práctica docente III 
250 |a 2a. ed 
300 |a 54 p 
942 |c BK 
945 |d 20011207 00:00:00  |a cmena 
260 |a Ciudad de México  |b SEP  |c 2000 
500 |a Programa para la Transformación y el Fortalecimiento Académicos de las Escuelas Normales 
500 |a Licenciatura en Educación Primaria 
650 0 |a Educación básica   |9 224933 
650 7 |a FORMACION PROFESIONAL DE DOCENTE  |2 CL-VaPUC  |9 435047 
650 0 |a Planificación de la educación   |9 307333 
583 |a last modification  |c 20011207 00:00:00  |k Rodrigo Vera 
490 0 |a Programa y Materiales de Apoyo para el Estudio 5§ Semestre 
999 |c 298859  |d 298857 
952 |0 0  |1 0  |4 0  |6 372_100000000000000_SEC_2000  |7 0  |8 P  |9 354828  |a BIBEDU  |b BIBEDU  |c BIBEDU_PB  |d 2019-11-21  |i 3781356  |o 372.1 SEC 2000  |p 3781356  |r 2024-01-25  |w 2019-11-21  |y BK  |k BME